000 00568nab a2200205 a 4500
005 20210219161951.0
008 991125s1985 mx 000 0 spa u
035 _aUPN01000195194
100 1 _aNieto, Raúl
222 _aALTERIDADES
245 _aRitualidad secular, prácticas populares y videocultura en la ciudad de Mèxico
260 _aMèxico
300 _a49-57
362 0 _a2001 Año 11, no. 22, jul.-dic.
653 0 _aCIUDAD DE MEXICO
653 0 _aRITUALES
653 0 _aPRACTICAS CULTURALES
653 0 _aSECULARIZACION
905 _aArticulo
999 _c167295
_d167295